[Event "5MCR_4D_2L_1S"]
[Site "?"]
[Date "2002.??.??"]
[Round "?"]
[White "Vosahlik, Jiri"]
[Black "Vlcek, Vladimir"]
[Result "1-0"]
[WhiteElo "2320"]
[BlackElo "2340"]
[PlyCount "115"]
[EventDate "2002.??.??"]
[EventType "corr"]
[SourceDate "2004.??.??"]

1. e4 e5 2. Nf3 Nc6 3. d4 exd4 4. Nxd4 Nf6 5. Nxc6 bxc6 6. e5 Qe7 7. Qe2 Nd5 8.
c4 Ba6 9. b3 g6 10. f4 Qb4+ 11. Bd2 Qb6 12. Nc3 Bb4 13. Nxd5 cxd5 14. Bxb4
Qxb4+ 15. Qd2 Qxd2+ 16. Kxd2 dxc4 17. Bxc4 Bxc4 18. bxc4 O-O-O 19. Kc3 Rhe8 20.
Rab1 d6 21. Rb5 dxe5 22. fxe5 a6 23. Ra5 Re6 24. Rf1 Rd7 25. g4 Kb7 26. Rb1+
Rb6 27. Rf1 Re6 28. Rb1+ Rb6 29. Rxb6+ Kxb6 30. Ra3 Re7 31. Kd4 c5+ 32. Ke4 f6
33. Kd5 Rxe5+ 34. Kd6 Rg5 35. Rf3 Rxg4 36. Rb3+ Ka5 37. Kxc5 Ka4 38. Rb2 f5 39.
Kd5 Rg1 40. c5 Rd1+ 41. Ke6 Rc1 42. Kd6 f4 43. c6 Rd1+ 44. Kc7 Rc1 45. Kb7 Ka3
46. Rb6 a5 47. c7 f3 48. c8=Q Rxc8 49. Kxc8 Kxa2 50. Rf6 a4 51. Rxf3 Kb2 52.
Kd7 g5 53. Ke6 h5 54. Kf5 g4 55. Rg3 a3 56. Kg5 a2 57. Rg1 a1=Q 58. Rxa1 1-0

[Event "5MCR_4D_2L_2S"]
[Site "?"]
[Date "2002.??.??"]
[Round "?"]
[White "Bares, Jiri"]
[Black "Binas, Jindrich"]
[Result "1/2-1/2"]
[WhiteElo "2215"]
[BlackElo "2195"]
[PlyCount "58"]
[EventDate "2002.??.??"]
[EventType "corr"]
[SourceDate "2004.??.??"]

1. d4 Nf6 2. c4 c5 3. d5 b5 4. cxb5 a6 5. bxa6 Bxa6 6. Nc3 d6 7. Nf3 g6 8. Nd2
Bg7 9. e4 Bxf1 10. Nxf1 Qa5 11. Nd2 O-O 12. O-O Nbd7 13. Nc4 Qa6 14. Qe2 Rfb8
15. Re1 Rb4 16. Na3 Ne5 17. Nc2 Rb7 18. Qxa6 Rxa6 19. Re2 Nfd7 20. Kf1 Nd3 21.
Ne3 Bxc3 22. bxc3 Rba7 23. Rc2 Nxc1 24. Raxc1 Rxa2 25. Rxa2 Rxa2 26. h4 h5 27.
f3 Kg7 28. Rc2 Rxc2 29. Nxc2 f5 1/2-1/2

[Event "5MCR_4D_2L_2S"]
[Site "?"]
[Date "2002.??.??"]
[Round "?"]
[White "Bares, Jiri"]
[Black "Bultman, Milan"]
[Result "1-0"]
[WhiteElo "2215"]
[BlackElo "2280"]
[PlyCount "50"]
[EventDate "2002.??.??"]
[EventType "corr"]
[SourceDate "2004.??.??"]

1. d4 Nf6 2. c4 g6 3. Nc3 Bg7 4. e4 d6 5. f3 O-O 6. Be3 Nbd7 7. Qd2 b6 8. Bd3
c5 9. Nge2 cxd4 10. Bxd4 Ne5 11. O-O Bb7 12. Nd5 Nxd5 13. cxd5 e6 14. dxe6 fxe6
15. f4 Bh6 16. Rac1 Qe7 17. Bc2 Ba6 18. g3 Rac8 19. Qd1 Nc6 20. Bc3 d5 21. exd5
Rfd8 22. Bb3 exd5 23. Re1 Bc4 24. Nd4 Bxb3 25. Nxb3 Qf7 1-0

[Event "5MCR_4D_2L_2S"]
[Site "?"]
[Date "2002.??.??"]
[Round "?"]
[White "Bares, Jiri"]
[Black "Canibal, Jaromir"]
[Result "0-1"]
[WhiteElo "2215"]
[BlackElo "2230"]
[PlyCount "30"]
[EventDate "2002.??.??"]
[EventType "corr"]
[SourceDate "2004.??.??"]

1. d4 Nf6 2. c4 g6 3. Nc3 Bg7 4. e4 d6 5. f3 O-O 6. Be3 Nc6 7. Nge2 a6 8. Qd2
Bd7 9. g4 e5 10. d5 Ne7 11. h4 h5 12. gxh5 Nxh5 13. O-O-O b5 14. Rg1 b4 15. Ng3
bxc3 0-1

[Event "5MCR_4D_2L_2S"]
[Site "?"]
[Date "2002.??.??"]
[Round "?"]
[White "Bares, Jiri"]
[Black "Novotny, Viktor"]
[Result "0-1"]
[WhiteElo "2215"]
[BlackElo "1800"]
[PlyCount "84"]
[EventDate "2002.??.??"]
[EventType "corr"]
[SourceDate "2004.??.??"]

1. d4 Nf6 2. c4 g6 3. Nc3 Bg7 4. e4 d6 5. f3 O-O 6. Be3 Nc6 7. Nge2 Rb8 8. Qd2
a6 9. h4 h5 10. O-O-O b5 11. Nf4 bxc4 12. Bxc4 e5 13. dxe5 Nxe5 14. Bb3 Qe8 15.
Kb1 a5 16. Qc2 Ba6 17. Ncd5 Nxd5 18. Nxd5 a4 19. Bxa4 Nc4 20. Bxe8 Na3+ 21. Kc1
Nxc2 22. Ba4 Nxe3 23. Nxe3 Rxb2 24. Rd2 Rfb8 25. Bb3 R2xb3 26. axb3 Bh6 27. Nd5
c6 28. Nc3 Bxd2+ 29. Kxd2 Rxb3 30. Kc2 Rb8 31. g4 hxg4 32. fxg4 Bc4 33. h5 g5
34. Rh2 Bb3+ 35. Kc1 d5 36. Rb2 d4 37. Ne2 c5 38. Kd2 Rb4 39. Rb1 Be6 40. Rxb4
cxb4 41. Nxd4 Bxg4 42. Nc2 b3 0-1

[Event "5MCR_4D_2L_2S"]
[Site "?"]
[Date "2002.??.??"]
[Round "?"]
[White "Bares, Jiri"]
[Black "Paukert, Martin"]
[Result "1-0"]
[WhiteElo "2215"]
[BlackElo "2030"]
[PlyCount "56"]
[EventDate "2002.??.??"]
[EventType "corr"]
[SourceDate "2004.??.??"]

1. d4 d5 2. c4 dxc4 3. Nf3 a6 4. e3 Nf6 5. Bxc4 e6 6. a4 c5 7. O-O Nc6 8. Qe2
Qc7 9. Nc3 Be7 10. Rd1 O-O 11. b3 b6 12. Bb2 Bb7 13. d5 exd5 14. Nxd5 Nxd5 15.
Bxd5 Rad8 16. Qc4 Na5 17. Qg4 g6 18. Bxb7 f5 19. Qh3 Nxb7 20. e4 Qf4 21. exf5
Qxf5 22. Qh6 Bf6 23. Rdb1 Bxb2 24. Rxb2 Qf6 25. Qc1 Nd6 26. Rd2 Nf7 27. Rxd8
Rxd8 28. a5 b5 1-0

[Event "5MCR_4D_2L_2S"]
[Site "?"]
[Date "2002.??.??"]
[Round "?"]
[White "Bares, Jiri"]
[Black "Smetana, Miroslav"]
[Result "0-1"]
[WhiteElo "2215"]
[BlackElo "2200"]
[PlyCount "66"]
[EventDate "2002.??.??"]
[EventType "corr"]
[SourceDate "2004.??.??"]

1. d4 Nf6 2. c4 e6 3. Nc3 Bb4 4. Qc2 O-O 5. a3 Bxc3+ 6. Qxc3 b6 7. Bg5 Bb7 8.
e3 d6 9. f3 Nbd7 10. Bd3 c5 11. Ne2 Rc8 12. O-O Ba6 13. b4 cxd4 14. Qxd4 h6 15.
Bxf6 Qxf6 16. Qxf6 Nxf6 17. Rfd1 Bxc4 18. Bxc4 Rxc4 19. Rxd6 Rfc8 20. e4 Kf8
21. Rad1 Ke7 22. R6d4 Rxd4 23. Nxd4 a6 24. b5 axb5 25. Nxb5 Rc2 26. Rd3 Nd7 27.
Nd4 Ne5 28. Rb3 Rd2 29. Nb5 Rd3 30. Rxd3 Nxd3 31. h4 Kd7 32. Kf1 Kc6 33. Nc3
Kc5 0-1

[Event "5MCR_4D_2L_2S"]
[Site "?"]
[Date "2002.??.??"]
[Round "?"]
[White "Binas, Jindrich"]
[Black "Doktor, Pavel"]
[Result "1/2-1/2"]
[WhiteElo "2195"]
[BlackElo "1955"]
[PlyCount "38"]
[EventDate "2002.??.??"]
[EventType "corr"]
[SourceDate "2004.??.??"]

1. e4 e6 2. d4 d5 3. Nc3 Bb4 4. e5 c5 5. a3 Bxc3+ 6. bxc3 Ne7 7. Qg4 O-O 8. Bd3
f5 9. exf6 Rxf6 10. Bg5 Rf7 11. Qh5 g6 12. Qd1 Nbc6 13. Nf3 Qf8 14. O-O c4 15.
Be2 h6 16. Bxe7 Qxe7 17. Re1 Bd7 18. Bf1 Raf8 19. Re3 Qd6 1/2-1/2

[Event "5MCR_4D_2L_2S"]
[Site "?"]
[Date "2002.??.??"]
[Round "?"]
[White "Binas, Jindrich"]
[Black "Novotny, Viktor"]
[Result "1/2-1/2"]
[WhiteElo "2195"]
[BlackElo "1800"]
[PlyCount "57"]
[EventDate "2002.??.??"]
[EventType "corr"]
[SourceDate "2004.??.??"]

1. e4 c5 2. Nf3 d6 3. d4 cxd4 4. Nxd4 Nf6 5. Nc3 a6 6. Be3 Ng4 7. Bg5 h6 8. Bh4
g5 9. Bg3 Bg7 10. h3 Ne5 11. Nf5 Bxf5 12. exf5 Nbc6 13. Nd5 e6 14. fxe6 fxe6
15. Ne3 O-O 16. Be2 d5 17. c3 d4 18. cxd4 Qa5+ 19. Qd2 Qxd2+ 20. Kxd2 Nxd4 21.
Rhd1 Rad8 22. Ke1 Nec6 23. Bd3 Nf5 24. Nxf5 exf5 25. Rab1 Ne5 26. Bxe5 Bxe5 27.
Bc4+ Kg7 28. Rxd8 Rxd8 29. a4 1/2-1/2

[Event "5MCR_4D_2L_2S"]
[Site "?"]
[Date "2002.??.??"]
[Round "?"]
[White "Binas, Jindrich"]
[Black "Smetana, Miroslav"]
[Result "0-1"]
[WhiteElo "2195"]
[BlackElo "2200"]
[PlyCount "24"]
[EventDate "2002.??.??"]
[EventType "corr"]
[SourceDate "2004.??.??"]

1. e4 c5 2. Nf3 d6 3. d4 cxd4 4. Nxd4 Nf6 5. Nc3 g6 6. Be3 Bg7 7. f3 O-O 8. Qd2
Nc6 9. O-O-O d5 10. exd5 Nxd5 11. Nxc6 bxc6 12. Qxd5 cxd5 0-1

[Event "5MCR_4D_2L_2S"]
[Site "?"]
[Date "2002.??.??"]
[Round "?"]
[White "Binas, Jindrich"]
[Black "Strnad, Martin"]
[Result "1/2-1/2"]
[WhiteElo "2195"]
[BlackElo "2120"]
[PlyCount "80"]
[EventDate "2002.??.??"]
[EventType "corr"]
[SourceDate "2004.??.??"]

1. e4 e5 2. Nf3 d6 3. d4 exd4 4. Nxd4 g6 5. Nc3 Bg7 6. Be3 Nf6 7. Qd2 Nc6 8.
O-O-O O-O 9. Nxc6 bxc6 10. Bh6 Re8 11. Bxg7 Kxg7 12. Bd3 Rb8 13. f3 Qe7 14. g4
Qe5 15. Bc4 Be6 16. Bxe6 fxe6 17. g5 Nh5 18. Qd4 Qxd4 19. Rxd4 e5 20. Ra4 Rb7
21. Ne2 Rf8 22. Ra3 h6 23. Rg1 hxg5 24. Rxg5 Kh6 25. Rg1 Rf6 26. Rd3 Ng7 27.
Rg3 Ne6 28. b3 Rb8 29. Kd2 Kg7 30. h3 c5 31. Rc3 Rbf8 32. Ng1 c6 33. Rc4 R8f7
34. Ra4 d5 35. Ra6 dxe4 36. Rxc6 Rd7+ 37. Ke3 Nd4 38. Rxf6 Nxc2+ 39. Ke2 Nd4+
40. Ke3 Kxf6 1/2-1/2

[Event "5MCR_4D_2L_2S"]
[Site "?"]
[Date "2002.??.??"]
[Round "?"]
[White "Binas, Jindrich"]
[Black "Vilimek, Pavel"]
[Result "1/2-1/2"]
[WhiteElo "2195"]
[BlackElo "2080"]
[PlyCount "42"]
[EventDate "2002.??.??"]
[EventType "corr"]
[SourceDate "2004.??.??"]

1. e4 c5 2. Nf3 d6 3. d4 cxd4 4. Nxd4 Nf6 5. Nc3 a6 6. Be3 e5 7. Nb3 Be6 8. Qd2
Be7 9. f3 Nbd7 10. g4 h6 11. O-O-O b5 12. h4 Nb6 13. Qf2 Nfd7 14. Kb1 Qc7 15.
Nd5 Bxd5 16. exd5 Nc4 17. Bc1 a5 18. Nd2 a4 19. f4 Rb8 20. Bg2 Qb6 21. Qxb6
Rxb6 1/2-1/2

[Event "5MCR_4D_2L_2S"]
[Site "?"]
[Date "2002.??.??"]
[Round "?"]
[White "Binas, Jindrich"]
[Black "Vondracek, Emil"]
[Result "1/2-1/2"]
[WhiteElo "2195"]
[BlackElo "2285"]
[PlyCount "115"]
[EventDate "2002.??.??"]
[EventType "corr"]
[SourceDate "2004.??.??"]

1. e4 e5 2. Nf3 Nc6 3. Bc4 Bc5 4. c3 Nf6 5. d4 exd4 6. cxd4 Bb4+ 7. Bd2 Bxd2+
8. Nbxd2 d5 9. exd5 Nxd5 10. Qb3 Nce7 11. O-O O-O 12. Rfe1 c6 13. a4 Rb8 14.
Ne4 Bf5 15. Ng3 Be6 16. Ng5 Bc8 17. Rad1 h6 18. Nf3 Be6 19. Ne5 Qc7 20. Ne4
Rbd8 21. Nc5 Bc8 22. a5 Rfe8 23. Rc1 Nf5 24. Qd3 Re7 25. Qd2 Nf6 26. Nf3 b6 27.
Nb3 Qd6 28. Qc2 Nd5 29. Re5 Rxe5 30. dxe5 Qg6 31. Qe4 Nfe7 32. Qxg6 Nxg6 33.
Nbd4 Nb4 34. e6 fxe6 35. Nxe6 Bxe6 36. Bxe6+ Kf8 37. g3 c5 38. axb6 axb6 39.
Bc4 Ne7 40. Re1 Rd6 41. Ra1 Nec6 42. h4 Ke7 43. Re1+ Kf6 44. Re8 Na5 45. b3
Nxc4 46. bxc4 Nc6 47. h5 Kf5 48. Kg2 Rd7 49. Nh4+ Kf6 50. Ng6 Rd4 51. Rf8+ Ke6
52. Nf4+ Ke7 53. Rc8 Na5 54. Nd5+ Ke6 55. Nxb6 Nxc4 56. Nxc4 Rxc4 57. Rc6+ Kf5
58. Rg6 1/2-1/2

[Event "5MCR_4D_2L_2S"]
[Site "?"]
[Date "2002.??.??"]
[Round "?"]
[White "Bultman, Milan"]
[Black "Binas, Jindrich"]
[Result "1/2-1/2"]
[WhiteElo "2280"]
[BlackElo "2195"]
[PlyCount "48"]
[EventDate "2002.??.??"]
[EventType "corr"]
[SourceDate "2004.??.??"]

1. d4 Nf6 2. c4 c5 3. d5 d6 4. Nc3 g6 5. e4 Bg7 6. Nf3 O-O 7. Be2 e6 8. O-O
exd5 9. exd5 Re8 10. Re1 a6 11. Qb3 b6 12. Bf4 Qc7 13. Bd3 Nbd7 14. Rxe8+ Nxe8
15. Re1 Ne5 16. Be2 Bg4 17. Ng5 Bf5 18. h3 Nf6 19. Nf3 Ne4 20. Nxe4 Bxe4 21.
Nxe5 dxe5 22. Bg5 Bf5 23. Qg3 h6 24. Be3 Bd7 1/2-1/2

[Event "5MCR_4D_2L_2S"]
[Site "?"]
[Date "2002.??.??"]
[Round "?"]
[White "Bultman, Milan"]
[Black "Novotny, Viktor"]
[Result "1/2-1/2"]
[WhiteElo "2280"]
[BlackElo "1800"]
[PlyCount "101"]
[EventDate "2002.??.??"]
[EventType "corr"]
[SourceDate "2004.??.??"]

1. d4 Nf6 2. Bg5 Ne4 3. Bf4 c5 4. f3 Qa5+ 5. c3 Nf6 6. Nd2 cxd4 7. Nb3 Qb6 8.
Qxd4 Nc6 9. Qxb6 axb6 10. Be3 b5 11. Nd4 b4 12. Nb5 Nd5 13. Bf2 bxc3 14. bxc3
Ra5 15. a4 f5 16. e4 fxe4 17. fxe4 Nf6 18. Bb6 Nxe4 19. Bd3 Nf6 20. Bxa5 Nxa5
21. Na7 Nb3 22. Rd1 Kd8 23. Nf3 g6 24. Nb5 Bh6 25. Ne5 Ke8 26. Na7 d6 27. Nxg6
hxg6 28. Nxc8 Kf7 29. Nb6 Kg7 30. h3 Nh5 31. Rf1 Bg5 32. Rf3 Nc5 33. Bb5 Bh4+
34. Kd2 e5 35. Kc2 e4 36. Rff1 Ng3 37. Rf4 Nf5 38. Nd5 Bg3 39. Rff1 Rd8 40. Rb1
Kh6 41. Kd2 Be5 42. Rb4 Kg5 43. Re1 Ng3 44. Kc2 Rf8 45. Rb2 Rf2+ 46. Kb1 Rf8
47. a5 Ra8 48. Ra2 Nb3 49. Ra3 Nxa5 50. Kc2 b6 51. Nxb6 1/2-1/2

[Event "5MCR_4D_2L_2S"]
[Site "?"]
[Date "2002.??.??"]
[Round "?"]
[White "Bultman, Milan"]
[Black "Smetana, Miroslav"]
[Result "1/2-1/2"]
[WhiteElo "2280"]
[BlackElo "2200"]
[PlyCount "68"]
[EventDate "2002.??.??"]
[EventType "corr"]
[SourceDate "2004.??.??"]

1. d4 Nf6 2. Nf3 e6 3. Bg5 c5 4. e3 Be7 5. dxc5 Qa5+ 6. Nbd2 Qxc5 7. Bd3 d6 8.
O-O Nbd7 9. c4 h6 10. Bh4 O-O 11. Ne4 Qc7 12. Nxf6+ Nxf6 13. Nd4 Bd7 14. Qf3
Rac8 15. b3 Rfd8 16. Rfd1 d5 17. Bxf6 Bxf6 18. cxd5 exd5 19. Qxd5 Bg4 20. Qe4
Bxd1 21. Qh7+ Kf8 22. Rxd1 g6 23. Qxh6+ Bg7 24. Qh4 Qe7 25. Qxe7+ Kxe7 26. Bc4
a6 27. a4 Rc5 28. f3 b5 29. axb5 axb5 30. Be2 f5 31. b4 Bxd4 32. bxc5 Bxe3+ 33.
Kf1 Rxd1+ 34. Bxd1 Bxc5 1/2-1/2

[Event "5MCR_4D_2L_2S"]
[Site "?"]
[Date "2002.??.??"]
[Round "?"]
[White "Bultman, Milan"]
[Black "Strnad, Martin"]
[Result "1/2-1/2"]
[WhiteElo "2280"]
[BlackElo "2120"]
[PlyCount "58"]
[EventDate "2002.??.??"]
[EventType "corr"]
[SourceDate "2004.??.??"]

1. d4 d5 2. Nf3 Nf6 3. Bg5 e6 4. e3 h6 5. Bxf6 Qxf6 6. c4 Nd7 7. Nc3 c6 8. Bd3
dxc4 9. Bxc4 g6 10. O-O Bg7 11. Qd2 O-O 12. Qc2 c5 13. Rfd1 cxd4 14. Nxd4 Rd8
15. Ne4 Qe7 16. Bb3 Nf6 17. Nxf6+ Qxf6 18. Rac1 b6 19. Qe4 Ba6 20. Rc7 Qe5 21.
Qc6 Rac8 22. Rxc8 Bxc8 23. Rc1 Qb8 24. Qc7 Bd7 25. h3 Qxc7 26. Rxc7 a5 27. a4
Be8 28. Rc4 Rd6 29. f4 Bd7 1/2-1/2

[Event "5MCR_4D_2L_2S"]
[Site "?"]
[Date "2002.??.??"]
[Round "?"]
[White "Bultman, Milan"]
[Black "Vilimek, Pavel"]
[Result "1/2-1/2"]
[WhiteElo "2280"]
[BlackElo "2080"]
[PlyCount "77"]
[EventDate "2002.??.??"]
[EventType "corr"]
[SourceDate "2004.??.??"]

1. d4 Nf6 2. Nf3 d5 3. Bg5 Ne4 4. Bf4 c5 5. c3 Qb6 6. Qb3 Qxb3 7. axb3 e6 8.
Na3 Bd7 9. e3 Nc6 10. Nb5 Rc8 11. Bd3 Be7 12. Bxe4 dxe4 13. Nd2 cxd4 14. Nxe4
O-O 15. exd4 Nb4 16. cxb4 Bxb5 17. Bd6 Rce8 18. Rxa7 Bc6 19. Bxe7 Rxe7 20. f3
Rd8 21. Ke2 f5 22. Nd2 e5 23. Nc4 e4 24. f4 Rxd4 25. Rd1 Rxd1 26. Kxd1 g6 27.
Ra8+ Kg7 28. Rd8 Rd7+ 29. Rxd7+ Bxd7 30. Kd2 Kf6 31. Ke3 b5 32. Nd2 Bc6 33. h3
h6 34. Nb1 Ke7 35. Kf2 Kd6 36. Nc3 Bd7 37. Ke3 Be8 38. g4 Bd7 39. gxf5 1/2-1/2

[Event "5MCR_4D_2L_2S"]
[Site "?"]
[Date "2002.??.??"]
[Round "?"]
[White "Bultman, Milan"]
[Black "Vondracek, Emil"]
[Result "0-1"]
[WhiteElo "2280"]
[BlackElo "2285"]
[PlyCount "48"]
[EventDate "2002.??.??"]
[EventType "corr"]
[SourceDate "2004.??.??"]

1. d4 Nf6 2. Nf3 d5 3. Bg5 e6 4. c4 Be7 5. e3 O-O 6. Nc3 h6 7. Bh4 b6 8. Rc1
Bb7 9. cxd5 Nxd5 10. Bxe7 Qxe7 11. Nxd5 Bxd5 12. Bc4 Bxf3 13. Qxf3 Qb4+ 14. Kd1
Nd7 15. Bb3 c5 16. Rc4 Qb5 17. Kc1 a5 18. Rc2 a4 19. Bc4 Qa5 20. Qe2 cxd4 21.
Re1 Ne5 22. exd4 Nxc4 23. Rxc4 Rfc8 24. Qe4 Rxc4+ 0-1

[Event "5MCR_4D_2L_2S"]
[Site "?"]
[Date "2002.??.??"]
[Round "?"]
[White "Canibal, Jaromir"]
[Black "Binas, Jindrich"]
[Result "1-0"]
[WhiteElo "2230"]
[BlackElo "2195"]
[PlyCount "37"]
[EventDate "2002.??.??"]
[EventType "corr"]
[SourceDate "2004.??.??"]

1. e4 c5 2. f4 d5 3. exd5 Qxd5 4. Nc3 Qd8 5. Nf3 Nf6 6. Ne5 e6 7. b3 Be7 8. Bb2
O-O 9. Bd3 Nbd7 10. Qf3 Qc7 11. Nb5 Qd8 12. O-O a6 13. Na3 Nb6 14. Rad1 Nbd5
15. c4 Nb4 16. Bb1 h5 17. Nc2 Qc7 18. Nxb4 cxb4 19. d4 1-0

[Event "5MCR_4D_2L_2S"]
[Site "?"]
[Date "2002.??.??"]
[Round "?"]
[White "Canibal, Jaromir"]
[Black "Bultman, Milan"]
[Result "1/2-1/2"]
[WhiteElo "2230"]
[BlackElo "2280"]
[PlyCount "53"]
[EventDate "2002.??.??"]
[EventType "corr"]
[SourceDate "2004.??.??"]

1. e4 c5 2. c3 d5 3. exd5 Qxd5 4. d4 Nf6 5. Nf3 e6 6. Na3 Be7 7. Nb5 Na6 8. c4
Qd8 9. Be2 Bd7 10. O-O cxd4 11. Nbxd4 Qc7 12. Nb5 Bxb5 13. cxb5 Nb4 14. Bd2
Nbd5 15. Rc1 Qd8 16. Qa4 O-O 17. Rfd1 Bd6 18. Bd3 Qe7 19. Qh4 Rfc8 20. a3 Rxc1
21. Rxc1 h6 22. g3 Rd8 23. Kg2 Qd7 24. Qd4 b6 25. Qc4 e5 26. Re1 Rc8 27. Qh4
1/2-1/2

[Event "5MCR_4D_2L_2S"]
[Site "?"]
[Date "2002.??.??"]
[Round "?"]
[White "Canibal, Jaromir"]
[Black "Novotny, Viktor"]
[Result "1/2-1/2"]
[WhiteElo "2230"]
[BlackElo "1800"]
[PlyCount "90"]
[EventDate "2002.??.??"]
[EventType "corr"]
[SourceDate "2004.??.??"]

1. e4 c5 2. c3 e6 3. d4 d5 4. exd5 Qxd5 5. Na3 Nf6 6. Nb5 Qd8 7. Bf4 Nd5 8.
Bxb8 Rxb8 9. Nxa7 Bd7 10. Nb5 Be7 11. Nf3 O-O 12. Bd3 Rc8 13. a4 c4 14. Bf1 Re8
15. Nd2 Nb6 16. Be2 Bf8 17. O-O e5 18. Bg4 f5 19. Bf3 e4 20. Be2 f4 21. Na7 Ra8
22. a5 Rxa7 23. axb6 Rxa1 24. Qxa1 Qg5 25. Bxc4+ Kh8 26. Nxe4 Rxe4 27. Qa8 Qf6
28. Qxb7 Re7 29. Qa6 Bc6 30. b7 Bxb7 31. Qxf6 gxf6 32. f3 Kg7 33. Kf2 Rc7 34.
b3 Ba3 35. Ke2 Kf8 36. Kd3 Rg7 37. Rf2 Ke7 38. Re2+ Kd6 39. Ra2 Bc1 40. Ba6 Kc7
41. Bxb7 Kxb7 42. c4 Be3 43. g4 Re7 44. Re2 Kb6 45. b4 Ra7 1/2-1/2

[Event "5MCR_4D_2L_2S"]
[Site "?"]
[Date "2002.??.??"]
[Round "?"]
[White "Canibal, Jaromir"]
[Black "Paukert, Martin"]
[Result "1/2-1/2"]
[WhiteElo "2230"]
[BlackElo "2030"]
[PlyCount "45"]
[EventDate "2002.??.??"]
[EventType "corr"]
[SourceDate "2004.??.??"]

1. e4 c5 2. c3 d5 3. exd5 Qxd5 4. d4 Nc6 5. Nf3 cxd4 6. cxd4 e5 7. Nc3 Bb4 8.
Bd2 Bxc3 9. Bxc3 e4 10. Ne5 Nxe5 11. dxe5 Ne7 12. Qe2 O-O 13. Rd1 Qc6 14. Rd6
Qa4 15. b3 Qa3 16. Qd2 Qc5 17. Bc4 Be6 18. Bxe6 fxe6 19. Rxe6 Rxf2 20. Qxf2
Qxc3+ 21. Qd2 Qa1+ 22. Qd1 Qc3+ 23. Qd2 1/2-1/2

[Event "5MCR_4D_2L_2S"]
[Site "?"]
[Date "2002.??.??"]
[Round "?"]
[White "Canibal, Jaromir"]
[Black "Smetana, Miroslav"]
[Result "1/2-1/2"]
[WhiteElo "2230"]
[BlackElo "2200"]
[PlyCount "55"]
[EventDate "2002.??.??"]
[EventType "corr"]
[SourceDate "2004.??.??"]

1. e4 c5 2. c3 Nf6 3. e5 Nd5 4. d4 cxd4 5. Nf3 Nc6 6. cxd4 d6 7. Bc4 Nb6 8. Bb5
dxe5 9. Nxe5 Bd7 10. Bxc6 Bxc6 11. Nxc6 bxc6 12. O-O g6 13. Re1 Bg7 14. Bg5 O-O
15. Bxe7 Qxd4 16. Qxd4 Bxd4 17. Nd2 Rfb8 18. Rab1 Nd5 19. Nb3 Bg7 20. Bd6 Rb5
21. Rec1 Rc8 22. Rc4 Nb6 23. Rc2 a5 24. Kf1 c5 25. Nxc5 Na4 26. b3 Rbxc5 27.
Bxc5 Rxc5 28. Rxc5 1/2-1/2

[Event "5MCR_4D_2L_2S"]
[Site "?"]
[Date "2002.??.??"]
[Round "?"]
[White "Canibal, Jaromir"]
[Black "Strnad, Martin"]
[Result "1-0"]
[WhiteElo "2230"]
[BlackElo "2120"]
[PlyCount "79"]
[EventDate "2002.??.??"]
[EventType "corr"]
[SourceDate "2004.??.??"]

1. e4 e5 2. Nf3 Nf6 3. Nxe5 d6 4. Nf3 Nxe4 5. d4 d5 6. Bd3 Nc6 7. O-O Be7 8.
Re1 Bg4 9. c3 f5 10. Qb3 O-O 11. Nbd2 Kh8 12. Qxb7 Rf6 13. Qb3 Rb8 14. Qa4 Bd6
15. h3 Nxd2 16. Nxd2 Bxh3 17. gxh3 Rg6+ 18. Kf1 Qg5 19. Ke2 Qh5+ 20. f3 Re8+
21. Kd1 Rxe1+ 22. Kxe1 Rg1+ 23. Bf1 Ne7 24. Qxa7 g5 25. Qa6 Qxh3 26. Kd1 g4 27.
Kc2 Qh2 28. fxg4 fxg4 29. Qe2 Qxe2 30. Bxe2 h5 31. Nf1 Nf5 32. Bd2 h4 33. Bd3
Ng3 34. Rd1 Ne4 35. Bxe4 dxe4 36. Ne3 Rxd1 37. Kxd1 g3 38. Ke2 h3 39. Kf1 c6
40. a4 1-0

[Event "5MCR_4D_2L_2S"]
[Site "?"]
[Date "2002.??.??"]
[Round "?"]
[White "Doktor, Pavel"]
[Black "Bares, Jiri"]
[Result "0-1"]
[WhiteElo "1955"]
[BlackElo "2215"]
[PlyCount "62"]
[EventDate "2002.??.??"]
[EventType "corr"]
[SourceDate "2004.??.??"]

1. e4 c5 2. d4 cxd4 3. Nf3 d6 4. Nxd4 Nf6 5. Nc3 g6 6. Be3 Bg7 7. f3 Nc6 8. Qd2
Bd7 9. g4 h5 10. g5 Nh7 11. O-O-O Rc8 12. f4 O-O 13. Be2 Qa5 14. Kb1 Rfe8 15.
f5 Nxd4 16. Bxd4 Bxd4 17. Qxd4 Qc5 18. Qd2 Bc6 19. Nd5 e6 20. b4 Qf2 21. fxg6
fxg6 22. Rdf1 Qh4 23. Nf6+ Nxf6 24. gxf6 Rf8 25. Rf4 Qg5 26. Qxd6 Rxf6 27. Rxf6
Qxf6 28. Rf1 Rd8 29. Qg3 Qg7 30. Bd3 Be8 31. Rf6 Qxf6 0-1

[Event "5MCR_4D_2L_2S"]
[Site "?"]
[Date "2002.??.??"]
[Round "?"]
[White "Doktor, Pavel"]
[Black "Bultman, Milan"]
[Result "0-1"]
[WhiteElo "1955"]
[BlackElo "2280"]
[PlyCount "48"]
[EventDate "2002.??.??"]
[EventType "corr"]
[SourceDate "2004.??.??"]

1. e4 c5 2. d4 cxd4 3. Nf3 e5 4. c3 dxc3 5. Nxc3 Nc6 6. Bc4 Bb4 7. O-O Nf6 8.
Nd5 O-O 9. Ng5 Bc5 10. Qf3 d6 11. Be3 Nd4 12. Nxf6+ Qxf6 13. Qxf6 gxf6 14. Bxd4
Bxd4 15. Nf3 Bxb2 16. Rab1 Ba3 17. Bd5 Rb8 18. Nd2 Be6 19. Nc4 Bc5 20. Rfd1
Rfd8 21. Na5 Rd7 22. Rxb7 Rbxb7 23. Bxb7 Bb4 24. Bc8 Rc7 0-1

[Event "5MCR_4D_2L_2S"]
[Site "?"]
[Date "2002.??.??"]
[Round "?"]
[White "Doktor, Pavel"]
[Black "Canibal, Jaromir"]
[Result "0-1"]
[WhiteElo "1955"]
[BlackElo "2230"]
[PlyCount "57"]
[EventDate "2002.??.??"]
[EventType "corr"]
[SourceDate "2004.??.??"]

1. e4 e5 2. Nf3 Nf6 3. d4 Nxe4 4. Bd3 d5 5. Nxe5 Nd7 6. Nxf7 Kxf7 7. Qh5+ Ke6
8. Qe2 Bd6 9. f3 Qh4+ 10. Kf1 Be5 11. Bxe4 Bxd4 12. Nd2 Ne5 13. Nb3 Bb6 14. Bd3
Kf7 15. Be3 Re8 16. Qf2 Qf6 17. Bxb6 Nxd3 18. Qd4 axb6 19. Qxf6+ Kxf6 20. cxd3
Bf5 21. Nc1 Re3 22. Kf2 Rae8 23. Rd1 g5 24. d4 h6 25. Rd2 Re1 26. Nb3 Bb1 27.
a4 h5 28. a5 h4 29. g4 0-1

[Event "5MCR_4D_2L_2S"]
[Site "?"]
[Date "2002.??.??"]
[Round "?"]
[White "Doktor, Pavel"]
[Black "Havel, Premysl"]
[Result "1-0"]
[WhiteElo "1955"]
[BlackElo "1945"]
[PlyCount "53"]
[EventDate "2002.??.??"]
[EventType "corr"]
[SourceDate "2004.??.??"]

1. e4 e5 2. Nf3 Nc6 3. Bc4 Nf6 4. Ng5 d5 5. exd5 Na5 6. Bb5+ c6 7. dxc6 bxc6 8.
Qf3 Qc7 9. Bd3 Be7 10. Nc3 O-O 11. O-O Bb7 12. Re1 c5 13. Qf5 h6 14. Nh7 Rfe8
15. Rxe5 Ng4 16. Ng5 Nf6 17. Nce4 Bxe4 18. Nxe4 Nxe4 19. Qxe4 g6 20. Bb5 Kh7
21. d3 Qb7 22. Qxb7 Nxb7 23. Bxe8 Rxe8 24. Bg5 hxg5 25. Rae1 Rb8 26. Rxe7 Nd6
27. b3 1-0

[Event "5MCR_4D_2L_2S"]
[Site "?"]
[Date "2002.??.??"]
[Round "?"]
[White "Doktor, Pavel"]
[Black "Paukert, Martin"]
[Result "1/2-1/2"]
[WhiteElo "1955"]
[BlackElo "2030"]
[PlyCount "84"]
[EventDate "2002.??.??"]
[EventType "corr"]
[SourceDate "2004.??.??"]

1. e4 e5 2. Nf3 Nc6 3. Bc4 Nf6 4. d4 exd4 5. O-O Nxe4 6. Re1 d5 7. Bxd5 Qxd5 8.
Nc3 Qa5 9. Nxe4 Be6 10. Neg5 O-O-O 11. Nxe6 fxe6 12. Rxe6 Bd6 13. Bg5 Rde8 14.
Qe1 Qxe1+ 15. Raxe1 Kd7 16. Rxe8 Rxe8 17. Rxe8 Kxe8 18. Bd2 h6 19. Kf1 Kf7 20.
Ke2 Ke6 21. Kd3 Kd5 22. Nxd4 Ne5+ 23. Kc3 a5 24. a3 Nc4 25. Nf3 b5 26. Bc1 Bc5
27. Kd3 Bxf2 28. b3 Nd6 29. Bb2 g6 30. a4 bxa4 31. c4+ Ke6 32. bxa4 Nb7 33.
Nd4+ Bxd4 34. Kxd4 c5+ 35. Ke4 Nd6+ 36. Kd3 Nf7 37. Bc1 Ne5+ 38. Kc3 h5 39. Bf4
Kd6 40. Kb3 Ke6 41. Bd2 Nc6 42. Bf4 Ne5 1/2-1/2